| 000 | 00449nam a2200181Ia 4500 | ||
|---|---|---|---|
| 005 | 20250423094529.0 | ||
| 008 | 250422s9999 xx 000 0 und d | ||
| 020 | _a0764155393 | ||
| 050 | _aPN 6084 .A8 .W37/ | ||
| 100 | _aWard, Laura | ||
| 245 | 0 | _aBad press : the worst critical reviews ever | |
| 260 | _aHauppauge | ||
| 260 | _bBarron’s | ||
| 260 | _c2002 | ||
| 300 | _a256 p | ||
| 650 | _aArts --Quotations, maxims, etc. | ||
| 942 | _cBK | ||
| 999 |
_c27514 _d27514 |
||